Human capital requirements in agriculture and allied sectors (Record no. 503988)

000 -LEADER
fixed length control field 00428cam a22001217a 4500
008 - FIXED-LENGTH DATA ELEMENTS--GENERAL INFORMATION
fixed length control field 180718b2012 xxu||||| |||| 00| 0 eng d
082 ## - DEWEY DECIMAL CLASSIFICATION NUMBER
Classification number Z4x54 In2h
100 ## - MAIN ENTRY--PERSONAL NAME
Personal name Institute of applied manpower research
9 (RLIN) 710
245 ## - TITLE STATEMENT
Title Human capital requirements in agriculture and allied sectors
Statement of responsibility, etc Institute of applied manpower research
260 ## - PUBLICATION, DISTRIBUTION, ETC. (IMPRINT)
Place of publication, distribution, etc New Delhi
Name of publisher, distributor, etc Institute of applied manpower research
Date of publication, distribution, etc 2012
300 ## - PHYSICAL DESCRIPTION
Extent 370p.
942 ## - ADDED ENTRY ELEMENTS (KOHA)
Source of classification or shelving scheme
Holdings
Withdrawn status Lost status Source of classification or shelving scheme Damaged status Koha normalized classification for sorting Not for loan Permanent location Current location Date acquired Full call number Barcode Date last seen Price effective from Koha item type
        Z_4X54_IN2H   Indian Institute of Public Administration Indian Institute of Public Administration 2018-08-04 Z4x54 In2h GR20402 2018-08-04 2018-08-04 GR

Powered by Koha